000 01229nam0a2200313 4500
001 RU\NLR\bibl\1245652
005 20250615122258.0
010 _a978-5-9689-011-7
_91500
021 _aRU
_b2008-33865
_91860
035 _a(NLR Aleph) 001231806
090 _a203241
_c203241
100 _a20080625d2007 |||y0rusy50 ca
101 1 _arus
_ceng
102 _aRU
105 _aa |||||||||
200 1 _aПрыгай выше головы
_fПол Арден
_g[пер. с англ. И. Копыловой]
210 _aМосква
_cГаятри
_d2007
215 _a111 с.
_cил.
_d17
225 1 _aLive book
300 _aЗагл. и авт. ориг.: It's not how good you are, it's how good you want to be / Paul Arden
454 0 _12001#$aIt's not how good you are, it's how good you want to be
_1700#1$aArden$bP.$gPaul$4070
_tIt's not how good you are, it's how good you want to be
_aArden, Paul
606 1 _aОбраз жизни
_jПопулярные издания
_xОптимизация
_92158024
_3RU\NLR\auth\661298977
686 _aС550.47я9
700 1 _aАрден
_bП.
_gПол
_4070
801 0 _aRU
_bNLR
_c20080625
_gRCR
801 1 _aRU
_bNLR
_c20080625
942 _cBOOK
980 _aNB